000
00297nam a22001337a 4500
003
SGT
020
_a
81-8054-705-1
082
_a
519.5
_b
GUP
100
_a
GUPTA, S.C.
245
_a
FUNDAMENTALS OF APPLIED STATISTICS
260
_a
DELHI
_b
S.CHAND
_c
2019
300
_a
9.74
942
_2
ddc
_c
BK
_0
76
999
_c
19050
_d
19050